Miasta Gminy Siewierz oraz dzielnice Siewierza - Statystyki

Ogólne statystyki
  • Ten quiz został rozwiązany 18 razy
  • Średni wynik to 7 z 18
Statystyki odpowiedzi
podpowiedź odpowiedź % Poprawnych
Miejscowość Brudzowice
92%
Miejscowość Dziewki
77%
Miejscowość Siewierz
77%
Miejscowość Żelisławice
69%
Miejscowość Wojkowice Kościelne
54%
Miejscowość Czekanka
46%
Miejscowość Leśniaki
46%
Dzielnica Centrum
38%
Dzielnica Kuźnica Sulikowska / Sulików
38%
Dzielnica Osiedle
38%
Dzielnica Piwoń
38%
Dzielnica Jeziorna
31%
Miejscowość Nowa Wioska
31%
Miejscowość Podwarpie
31%
Dzielnica Warężyno
23%
Miejscowość Dzierżawa
8%
Miejscowość Słowik
8%
Miejscowość Tuliszów
0%
Nie znaleziono quizów pasujących do podanych kryteriów
Rozkład punktacji
Procent ludzi z każdym wynikiem
Percentyl według liczby udzielonych odpowiedzi
Twoja historia wyników
Nie rozwiązałeś tego quizu